000 00781nam a22002297a 4500
005 20170124105936.0
010 _aB-209628
020 _c250.00
_a8175370803
035 _aB-209628
037 _bCen Lib/Ret
040 _aDPL
_bEN
082 _a230.31
100 _aSharma,Pandit Hari Prakash
_99947
245 _aThe revelation (probe) hindu gods and goddesses :
_cby Pandit Hari Prakash Sharma,edited by Vinod kumar Mehra
_bdivinities or personifications /
260 _aChandigarh
_bVishvas publications
_c00?
270 _a167,Indl. area phase 2
_bChandigarh
_e160002
300 _axvi,270p. :
_c21cm(Hb)
_bill.
650 _a Hindu- religion
_99948
650 _a Hinduism
_99949
700 _aMehra,Vinod kumar
_99950
942 _2ddc
_cEN
_h230.31
_mSHA
999 _c124246
_d124246